000 00752nam a22002537a 4500
001 BINCO
003 CO-MdBIC
005 20220423213948.0
008 220423b2010 spaa|||| |||| 00| 0 spa d
020 _a9788498712896
040 _a CO-MdBIC
_bspa.
_cCO-MdBIC
_d CO-MdBIC
041 _aspa
082 _222
_a863
_bSA158
100 _aSaiz, Raquel,
_d 1980-
245 _aSi los gatos llevasen botas gobernarían las ranas
_c/Saiz, Raquel, escritora
_f1980-
250 _aPrimera edición
260 1 _aGalicia, España:
_bOQO,
_c[2010]
260 4 _a© 2010
300 _a40 paginas;
_bilustraciones a color:
_c28 cm.
490 _aOQO
650 7 _9100
_aEducación infantil
700 _aKheiriyeh, Rashin,
_d1979-
_eilustrador
942 _cLGB
999 _c67791
_d67791